Normal view
MARC view
Entry Topical Term
001 - CONTROL NUMBER
- control field: 15791
003 - CONTROL NUMBER IDENTIFIER
- control field: ARRUPE
005 - DATE AND TIME OF LATEST TRANSACTION
- control field: 20150305151553.0
008 - FIXED-LENGTH DATA ELEMENTS
- fixed length control field: 150305|| aca||aabn | a|a d
040 ## - CATALOGING SOURCE
- Original cataloging agency: ARRUPE
- Transcribing agency: ARRUPE
150 ## - HEADING--TOPICAL TERM
- Topical term or geographic name as entry element: Irish poetry
- Chronological subdivision: To 1100
- General subdivision: Translations into English.
670 ## - SOURCE DATA FOUND
- Source citation: Work cat.: (ARRUPE)0: Meyer, Kuno, 15789, Ancient Irish poetry /, 1911.